| 000 | 00586nam a2200169Ia 4500 | ||
|---|---|---|---|
| 008 | 131103s9999 xx 000 0 und d | ||
| 040 | _aLoreto College | ||
| 041 | _aEnglish | ||
| 082 |
_a891.44/JAI _bLCLIB/BnSem/41388 |
||
| 100 | _aJaiswal, Subira | ||
| 245 |
_aVaishnabdharmer uttpoti o kromobikas _b khristapurba 200abda thekey 500 khristabda _cSubira Jaiswal |
||
| 260 |
_aCalcutta _bK. P. Bagchi & Co _c1993 |
||
| 300 |
_a302p _c 22cm |
||
| 650 | _aBengali Literature - History and Criticism, 200-500 | ||
| 651 | _aVaishnabdharm - Origin and Development, 200-500 | ||
| 942 | _cBK | ||
| 999 |
_c20070 _d70549 |
||